[Event "GER-ch U25 op"]
[Site "Willingen"]
[Date "2008.05.13"]
[Round "4"]
[White "Neitzel, Mirko"]
[Black "Schaefer, Emma"]
[Result "1/2-1/2"]
[WhiteElo "1720"]
[BlackElo "1348"]
[PlyCount "48"]
[EventDate "2008.05.11"]
[EventType "swiss"]
[EventRounds "9"]
[EventCountry "GER"]
[SourceTitle "CBM 124 Extra"]
[Source "ChessBase"]
[SourceDate "2008.07.03"]
[SourceVersion "1"]
[SourceVersionDate "2008.07.03"]
[SourceQuality "1"]

1. e4 d5 2. exd5 Qxd5 3. Nc3 Qd6 4. d4 a6 5. Be3 Nf6 6. f3 Nc6 7. Qd2 Bf5 8. Bc4 e6 9. Nge2 Qd7 10. a3 Be7 11. 0-0-0 Nd5 12. Bxd5 exd5 13. g4 Be6 14. Nf4 0-0-0 15. Na4 Rhe8 16. Nd3 b6 17. Nc3 Bf6 18. Kb1 Bxd4 19. Bxd4 Nxd4 20. Ne5 Nxf3 21. Nxf3 Bxg4 22. Rhf1 c6 23. Qd3 Kb7 24. Qxh7 Re3 1/2-1/2

[Event "GER-chT U20 Girls"]
[Site "Stuttgart"]
[Date "2007.12.27"]
[Round "2.4"]
[White "Schaefer, Emma"]
[Black "Jentsch, Corinna"]
[Result "1-0"]
[WhiteElo "1241"]
[BlackElo "966"]
[PlyCount "151"]
[EventDate "2007.12.27"]
[EventType "team-swiss"]
[EventRounds "7"]
[EventCountry "GER"]
[SourceTitle "EXT 2009"]
[Source "ChessBase"]
[SourceDate "2008.11.26"]
[SourceVersion "1"]
[SourceVersionDate "2008.11.26"]
[SourceQuality "1"]
[WhiteTeam "Porz SG U20 Girls"]
[BlackTeam "Fritzdorf Gruen Weiss U20 Girls"]
[WhiteTeamCountry "GER"]
[BlackTeamCountry "GER"]

1. d4 d5 2. Nf3 Nc6 3. e3 Nf6 4. Bd3 Bg4 5. Nbd2 e6 6. 0-0 Bd6 7. c3 0-0 8. Qe2 a6 9. e4 dxe4 10. Nxe4 Nxe4 11. Bxe4 e5 12. d5 Ne7 13. Bxh7+ Kxh7 14. Ng5+ Kg8 15. Qxg4 Nxd5 16. Qe4 Nf6 17. Qxb7 Qc8 18. Qf3 Qg4 19. Re1 Qxf3 20. Nxf3 Rfe8 21. Re2 Re7 22. Bg5 Rae8 23. Rae1 e4 24. Nd2 Re6 25. Bxf6 Rxf6 26. Rxe4 Rxe4 27. Rxe4 Bc5 28. Nf3 Rb6 29. b4 Bd6 30. Re8+ Kh7 31. g3 Rc6 32. Ng5+ Kg6 33. Ne4 f6 34. f4 Rb6 35. Nxd6 Rxd6 36. Re3 Rd1+ 37. Kf2 Rd2+ 38. Re2 Rd3 39. Rc2 Kf5 40. c4 Ke6 41. Ke2 Rd8 42. Rd2 Rb8 43. a3 Rh8 44. Kf3 Ke7 45. g4 Rh3+ 46. Ke4 Rxa3 47. c5 Ra4 48. Rd4 Ra2 49. h3 Re2+ 50. Kf3 Rc2 51. Re4+ Kf7 52. f5 Rc3+ 53. Re3 Rc4 54. Re4 Rc3+ 55. Kg2 Rc2+ 56. Kg3 g5 57. fxg6+ Kxg6 58. Kf3 Rc3+ 59. Kg2 Rc2+ 60. Kg3 Rc3+ 61. Kh4 Rd3 62. Re7 Rb3 63. Rxc7 Rxb4 64. Rc6 a5 65. Ra6 a4 66. c6 Rc4 67. c7 Rxc7 68. Rxa4 Rh7+ 69. Kg3 Rf7 70. Ra5 Rh7 71. h4 Rf7 72. Kf4 Kh6 73. Kf5 Rg7 74. Ra6 Rg6 75. Rxf6 Rxf6+ 76. Kxf6 1-0

[Event "NRW-ch U18 Girls"]
[Site "Kranenburg"]
[Date "2007.04.13"]
[Round "6"]
[White "Bluebaum, Johanna"]
[Black "Schaefer, Emma"]
[Result "1-0"]
[WhiteElo "1956"]
[BlackElo "1168"]
[PlyCount "31"]
[EventDate "2007.04.09"]
[EventType "swiss"]
[EventRounds "7"]
[EventCountry "GER"]
[SourceTitle "EXT 2008"]
[Source "ChessBase"]
[SourceDate "2007.11.25"]
[SourceVersion "1"]
[SourceVersionDate "2007.11.25"]
[SourceQuality "1"]

1. d4 Nf6 2. c4 e6 3. Nc3 Bb4 4. f3 Nc6 5. e4 Bxc3+ 6. bxc3 d6 7. Bd3 0-0 8. Ne2 e5 9. Bg5 Qe7 10. 0-0 Nd8 11. d5 c5 12. Bc2 b6 13. Qd3 Ba6 14. f4 h6 15. fxe5 hxg5 16. exf6 1-0

[Event "NRW-ch U18 Girls"]
[Site "Kranenburg"]
[Date "2007.04.11"]
[Round "4"]
[White "Schaefer, Emma"]
[Black "Lerke, Stephanie"]
[Result "1/2-1/2"]
[WhiteElo "1168"]
[BlackElo "1148"]
[PlyCount "53"]
[EventDate "2007.04.09"]
[EventType "swiss"]
[EventRounds "7"]
[EventCountry "GER"]
[SourceTitle "EXT 2008"]
[Source "ChessBase"]
[SourceDate "2007.11.25"]
[SourceVersion "1"]
[SourceVersionDate "2007.11.25"]
[SourceQuality "1"]

1. e4 e5 2. Nf3 Nc6 3. c3 Nf6 4. d4 Qe7 5. d5 Nd8 6. Bg5 d6 7. Nbd2 g6 8. Qc2 Bg7 9. h3 0-0 10. Nc4 Qe8 11. Be2 Nh5 12. 0-0-0 b5 13. Na3 a6 14. Nh2 Bf6 15. Bxf6 Nxf6 16. g4 Kg7 17. h4 Rh8 18. Rdf1 Ng8 19. f4 f6 20. h5 g5 21. fxg5 fxg5 22. Rf2 Nf6 23. Qd2 h6 24. Nc2 Nxe4 25. Qe3 Nxf2 26. Qxf2 Rf8 27. Qg2 1/2-1/2

[Event "GER-chT U20 Girls"]
[Site "Torgelow"]
[Date "2006.12.30"]
[Round "7.4"]
[White "Schaefer, Emma"]
[Black "Schaefer, Daniela"]
[Result "0-1"]
[WhiteElo "1084"]
[BlackElo "1450"]
[PlyCount "46"]
[EventDate "2006.12.27"]
[EventType "team-swiss"]
[EventRounds "7"]
[EventCountry "GER"]
[SourceTitle "EXT 2008"]
[Source "ChessBase"]
[SourceDate "2007.11.25"]
[SourceVersion "1"]
[SourceVersionDate "2007.11.25"]
[SourceQuality "1"]
[WhiteTeam "Porz SG U20 Girls"]
[BlackTeam "Tamm 74 U20 Girls"]
[WhiteTeamCountry "GER"]
[BlackTeamCountry "GER"]

1. e4 d6 2. d4 g6 3. Nf3 Bg7 4. c3 Nf6 5. Bd3 0-0 6. 0-0 Nbd7 7. Be3 Re8 8. Nbd2 e5 9. Re1 Qe7 10. h3 h6 11. Qc2 a6 12. d5 Nf8 13. Rab1 Bd7 14. Nf1 Nxd5 15. exd5 e4 16. Bd2 exd3 17. Qxd3 Qf6 18. Ng3 g5 19. c4 Qg6 20. Qxg6 Nxg6 21. Ne2 Re4 22. Ned4 Bxd4 23. Nxd4 Rxd4 0-1

[Event "GER-chT U20 Girls"]
[Site "Torgelow"]
[Date "2006.12.29"]
[Round "6.4"]
[White "Kuehn, Carmen"]
[Black "Schaefer, Emma"]
[Result "1-0"]
[WhiteElo "1520"]
[BlackElo "1084"]
[PlyCount "54"]
[EventDate "2006.12.27"]
[EventType "team-swiss"]
[EventRounds "7"]
[EventCountry "GER"]
[SourceTitle "EXT 2008"]
[Source "ChessBase"]
[SourceDate "2007.11.25"]
[SourceVersion "1"]
[SourceVersionDate "2007.11.25"]
[SourceQuality "1"]
[WhiteTeam "Ichenhausen U20 Girls"]
[BlackTeam "Porz SG U20 Girls"]
[WhiteTeamCountry "GER"]
[BlackTeamCountry "GER"]

1. d4 d5 2. c4 e6 3. Nc3 Nf6 4. Bg5 Be7 5. cxd5 exd5 6. e3 h6 7. Bh4 c6 8. Bd3 Nbd7 9. Nf3 Bb4 10. a3 Bxc3+ 11. bxc3 c5 12. 0-0 0-0 13. c4 Qb6 14. Qc2 Re8 15. Bxf6 Nxf6 16. cxd5 cxd4 17. Rfb1 Qd6 18. e4 Ng4 19. Bb5 Bd7 20. Bxd7 Qxd7 21. Nxd4 Rac8 22. Qe2 Nf6 23. Qb2 Rxe4 24. d6 Qxd6 25. Qxb7 Rb8 26. Qxb8+ Qxb8 27. Rxb8+ Kh7 1-0